000 01108cad a22001935a 4500
001 L157057
008 120824s2012 xxk 000 0 eng d
035 _a(Sirsi) u157057
041 0 _aeng
110 2 _aCushman & Wakefield
_95888
245 0 0 _aGoing for gold in the global office market
_h[electronic resource]
260 _aLondon
_bCushman & Wakefield
_c2012
520 _aOffers an overview of the recent performance of global office markets concentrating on measuring and determining the markets with the fastest value growth over the past year, the markets which have seen the strongest rental or yield recovery since the global downturn, and the markets that have sustained the highest actual values for these criteria. Provides rankings of the top 25 and 60 cities, and also rents and yields by market.
590 _aNTK KA
651 4 _aInternational
690 _aCommercial property
_96227
856 4 0 _uhttps://www.cushwake.com/cwglobal/jsp/kcReportDetail.jsp?Country=GLOBAL&Language=EN&catId=100003&pId=c43900001p
_zView the report after free registration at www.cushwake.com
942 _n0
999 _c84250
_d84250